000 00867nam a2200301Ia 4500
003 OSt
005 20220912150155.0
006 a|||||r|||| 00| 0
007 ta
008 220909b |||||||| |||| 00| 0 eng d
020 _a0131515659 (pbk)
024 _a4060
037 _bNarosa,
037 _cTextual
040 _aCSL
_beng
_cCSL
041 _aeng
082 _aD65,8(B):71, N5
100 _aComer Douglas E
245 0 _aInternet book: everything you need to know about computer networking and how the internet works
260 _aEnglewood Cliffs, New Jersey Prentice Hall
_c1995
300 _axxii,312p
500 _aIndex 307-312p
650 _a Interfacing Communications
650 _a Internet
650 _aComputer Science
942 _hD65,8(B):71, N5
_cTEXL
_2CC
999 _c41239
_d41239